000 00665cam a22002055a 4500
001 L141513
008 071128s1969 xxk r eng u
035 _a(Sirsi) u141513
041 0 _aeng
110 2 _aDonaldson and Sons
_95461
245 0 0 _aDonaldson & Sons 1869-1969, centenary review
_bdraft
260 _c[1969]
300 _a17 p.
_c33 cm.
340 _aPhotocopy
351 _cSingle item
500 _aItem is a photocopy of a typewritten draft for the centenary review published by Donaldson & Sons in 1969 (see L141439 for final document).
651 4 _aUnited Kingdom
_y
690 _aABOUT RICS-RICS MEMEBRS-CHARTERED SURVEYORS
942 _n0
999 _c116719
_d116719